01019 2200325 4500001002100000005001500021035002000036007000300056008004100059020001800100040002200118082001900140084002100159090002500180090002200205100003100227245012900258250001700387300004200404650003400446650002800480850001200508504002500520264003000545336002100575337003000596338002300626999002200649990002200671INLIS00000000085638220200717085131 a0010-0720000595ta200717t19902005yoia g 0 | ind d a979-731-560-6 aYOPDYOGbinderda04223a658.403811 a658.403811 JOG a aDEP 658.403811 JOG a aCB-D.11 2005-13800 aJogiyanto Hartonoepenulis10aAnalisis & desain sistem informasi :bpendekatan terstruktur teori dan praktek aplikasi bisnis /cpenulis, Jogiyanto Hartono aEdisi ketiga axv, 887 halaman :bilsutrasi ;c23 cm 4aSistem informasi--xManajemen 4aSistem informasi bisnis aYOPDYOG aTermasuk bibliografi 1aYogyakarta :bAndi,c2005 2rdacontentateks 2rdamediaatanpa perantara 2rdacarrieravolume aCB-D.11/2005-1380 aCB-D.11/2005-1380